Statistiques concernant Gares du Vaucluse

Cliquez ici pour prendre le quiz!

Statistiques générales

  • Ce quiz a été pris 115 fois
    (54 depuis la dernière actualisation)
  • Le résultat moyen est 10 sur 18

Statistiques - réponses

Nombre de voyageursGares% Correct
313 857Carpentras
86%
2 301 960Avignon Centre
81%
199 358Cavaillon
81%
177 236Sorgues - Châteauneuf du Pape
81%
4 108 767Avignon TGV
77%
390 348Orange
77%
56 695Pertuis
67%
106 553Monteux
58%
153 294L'Isle sur la Sorgue - Fontaine de Vaucluse
51%
39 760Le Thor
49%
20 446Bédarrides
37%
25 599Courthézon
35%
24 245Montfavet
35%
134 248Bollène - La Croisière
33%
79 583Entraigues sur la Sorgue
33%
29 589Morières lès Avignon
30%
19 977Saint Saturnin lès Avignon
26%
9 321Gadagne
19%

Distribution des résultats

Percentile par nombre de réponses

% des personnes avec chaque résultat

Votre développement - résultats

Vous n’avez pas pris ce quiz depuis la dernière actualisation